100 m world record progression (women) - Statistics

General Stats
  • This quiz has been taken 7 times
  • The average score is 4 of 10
Answer Stats
time athlete % Correct
10"49 (1988) Florence Griffith-Joyner
100%
10"76 (1984) Evelyn Ashford (USA)
57%
10"81 (1983) Marlies Göhr (GDR)
57%
10"79 (1983) Evelyn Ashford (USA)
43%
10"88 (+2.0; 1977) Marlies Göhr (GDR)
43%
10"88 (+1.9; 1982) Marlies Göhr (GDR)
29%
11"01 (1976) Annegret Richter (FRG)
14%
11"04 (1976) Inge Helten (FRG)
14%
11"07 (1972) Renate Stecher (GDR)
14%
11"08 (1968) Wyomia Tyus (USA)
14%
No matching quizzes found
Score Distribution
Percent of People with Each Score
Percentile by Number Answered
Your Score History
You have not taken this quiz